| 000 | 00667nam a2200217 a 4500 | ||
|---|---|---|---|
| 001 | BRCA_411 | ||
| 005 | 20190320203010.0 | ||
| 008 | 950807s1991 mx-a#####b---#000-0#spa-d | ||
| 020 | _a9686410023 | ||
| 040 |
_aspa _dDLC |
||
| 044 | _amx | ||
| 050 | 4 |
_aNK4032 _b.T66 1991 |
|
| 245 | 1 | 0 |
_aTonalá, sol de barro _ctextos Alberto Ruy-Sánchez ... [et al.] ; fotografía, Gerardo Suter. |
| 260 |
_aMéxico _bBanco Cremi _c[1991] |
||
| 300 |
_a149 p. _bil. a color _c31 cm. |
||
| 504 | _aBibliografía : p. 147-149 | ||
| 650 | 1 | 4 |
_aCerámica mexicana _zJalisco _91400 |
| 700 | 1 |
_aRuy Sánchez, Alberto _d1951- _91401 |
|
| 700 | 1 |
_aSuter, Gerardo _eil. _91402 |
|
| 942 |
_2lcc _cB |
||
| 999 |
_c346 _d346 |
||